<?xml version="1.0" encoding="UTF-8"?><?xml-stylesheet type="text/xsl" href="static/style.xsl"?><OAI-PMH xmlns="http://www.openarchives.org/OAI/2.0/" xmlns:xsi="http://www.w3.org/2001/XMLSchema-instance" xsi:schemaLocation="http://www.openarchives.org/OAI/2.0/ http://www.openarchives.org/OAI/2.0/OAI-PMH.xsd"><responseDate>2026-04-17T18:51:45Z</responseDate><request verb="GetRecord" identifier="oai:www.recercat.cat:2117/119353" metadataPrefix="marc">https://recercat.cat/oai/request</request><GetRecord><record><header><identifier>oai:recercat.cat:2117/119353</identifier><datestamp>2025-07-22T14:45:50Z</datestamp><setSpec>com_2072_1033</setSpec><setSpec>col_2072_452951</setSpec></header><metadata><record xmlns="http://www.loc.gov/MARC21/slim" xmlns:dcterms="http://purl.org/dc/terms/" xmlns:xsi="http://www.w3.org/2001/XMLSchema-instance" xmlns:doc="http://www.lyncode.com/xoai" xsi:schemaLocation="http://www.loc.gov/MARC21/slim http://www.loc.gov/standards/marcxml/schema/MARC21slim.xsd">
   <leader>00925njm 22002777a 4500</leader>
   <datafield ind2=" " ind1=" " tag="042">
      <subfield code="a">dc</subfield>
   </datafield>
   <datafield ind2=" " ind1=" " tag="720">
      <subfield code="a">Frías Martínez, Miryam</subfield>
      <subfield code="e">author</subfield>
   </datafield>
   <datafield ind2=" " ind1=" " tag="260">
      <subfield code="c">2017-01</subfield>
   </datafield>
   <datafield ind2=" " ind1=" " tag="520">
      <subfield code="a">El projecte es basa en un replantejament global del complex de l'Hospital del Mar, immers en un nou Masterplan que plantejava l'ampliació del complex a través de l'enderroc i construcció de nous edificis. Degut al context econòmic aquesta ampliació s'atura a la primera fase, deixant un edifici inconnex en fase d'estructura. Aquest projecte busca adaptar-se al context real actual, aprofitant les oportunitats existents i plantejant un nou model de creixement i renovació. Per aconseguir tot això es proposa intervenir en l'edifici en fase d'estructura, introduint nous programes necessaris, com són un Hospital de dia, una residència assistida, un centre de dia o uns habitatges assistits. D'altra banda es proposa aprofitar l'alçada dels pavellons existents per construir uns altells on s'ubiquin habitacions d'hospitalització de llarga durada. Un dels propòsits importants és connectar les noves edificacions amb les antigues, i això s'aconsegueix projectant unes noves comunicacions verticals i una passarel·la, la qual serà un element principal dins d'aquest plantejament. L'altre objectiu principal serà la recuperació dels antics patis de l'hospital.</subfield>
   </datafield>
   <datafield tag="653" ind2=" " ind1=" ">
      <subfield code="a">Àrees temàtiques de la UPC::Arquitectura::Tipologies d'edificis</subfield>
   </datafield>
   <datafield tag="653" ind2=" " ind1=" ">
      <subfield code="a">Old age homes</subfield>
   </datafield>
   <datafield tag="653" ind2=" " ind1=" ">
      <subfield code="a">Residències de persones grans</subfield>
   </datafield>
   <datafield ind2="0" ind1="0" tag="245">
      <subfield code="a">Residència assistida a l'Hospital del Mar</subfield>
   </datafield>
</record></metadata></record></GetRecord></OAI-PMH>